| 000 -LEADER |
| fixed length control field |
01235nam a2200289Ia 4500 |
| 001 - CONTROL NUMBER |
| control field |
16546 |
| 003 - CONTROL NUMBER IDENTIFIER |
| control field |
GE_BSU |
| 005 - DATE AND TIME OF LATEST TRANSACTION |
| control field |
20221114145912.0 |
| 008 - FIXED-LENGTH DATA ELEMENTS--GENERAL INFORMATION |
| fixed length control field |
181216s2011||||en |||||||||||||| ||eng|| |
| 020 ## - INTERNATIONAL STANDARD BOOK NUMBER |
| International Standard Book Number |
9781934032183x |
| 040 ## - CATALOGING SOURCE |
| Transcribing agency |
GE_BSU |
| 041 ## - LANGUAGE CODE |
| Language code of text/sound track or separate title |
eng |
| 080 ## - UNIVERSAL DECIMAL CLASSIFICATION NUMBER |
| Universal Decimal Classification number |
159.9+37 C-88 |
| 245 ## - TITLE STATEMENT |
| Title |
Creating Emotionally Literate Classrooms : |
| Remainder of title |
An Introduction to the RULER Approach to social end Emotional Learning / |
| Statement of responsibility, etc. |
Edited by: Marc A. Brackett, Janet P. Kremenitze,With Marvin Maurer, Susan E.Rivers, Nicole A.Elberston, Marilyn D.Carpenter |
| 260 ## - PUBLICATION, DISTRIBUTION, ETC. |
| Date of publication, distribution, etc. |
New York : |
| Place of publication, distribution, etc. |
Dude Publishing/ National Professional Resources, |
| Name of publisher, distributor, etc. |
2011. |
| 300 ## - PHYSICAL DESCRIPTION |
| Extent |
125 p.: |
| Dimensions |
27 cm. |
| 653 ## - INDEX TERM--UNCONTROLLED |
| keyword |
ემოცია |
| 653 ## - INDEX TERM--UNCONTROLLED |
| keyword |
პედაგოგიკა |
| 653 ## - INDEX TERM--UNCONTROLLED |
| keyword |
ფსიქოლოგია |
| 700 ## - ADDED ENTRY--PERSONAL NAME |
| Relator code |
Brackett, Marc A. |
| Relator term |
რედაქტორი |
| 9 (RLIN) |
6610 |
| 700 ## - ADDED ENTRY--PERSONAL NAME |
| Relator code |
Kremenitze,, Janet P |
| Relator term |
რედაქტორი |
| 9 (RLIN) |
6610 |
| 700 ## - ADDED ENTRY--PERSONAL NAME |
| Relator code |
Maurer, Marvin |
| Relator term |
რედაქტორი |
| 9 (RLIN) |
6610 |
| 700 ## - ADDED ENTRY--PERSONAL NAME |
| Relator code |
Rivers, Susan E |
| Relator term |
რედაქტორი |
| 9 (RLIN) |
6610 |
| 700 ## - ADDED ENTRY--PERSONAL NAME |
| Relator code |
Elberston, Nicole A. |
| Relator term |
რედაქტორი |
| 9 (RLIN) |
6610 |
| 700 ## - ADDED ENTRY--PERSONAL NAME |
| Personal name |
Carpenter, Marilyn D |
| Relator term |
რედაქტორი |
| 9 (RLIN) |
6611 |
| 942 ## - ADDED ENTRY ELEMENTS (KOHA) |
| Koha item type |
წიგნი |
| Source of classification or shelving scheme |
|